000 00629nam a22001937a 4500
999 _c190251
_d190251
005 20220721112903.0
010 _aENG-133759
020 _c60.00
_a9789383657452
035 _aEN-117291
037 _bDBAD/PUB
082 _a303.484095482
100 _aPandian, M S S
245 _aInterpreting The Dravidian Movement/
_cM S S Pandian
260 _aNew Delhi
_bCritical Quest
_c2018
270 _a420, G-Block, Phase VI, Aya Nagar
_bNew Delhi
_e110047
_k9910036543
_mcriticalquest@gmail.com
300 _a96p.
_c21cm(pbk)
_bReferences, Endnotes
700 _aS Anandhi
942 _2ddc
_cEN
_h303.484095482
_mPAN